[Event "Wch U12 Girls"]
[Site "Santiago de Compostela"]
[Date "2018.11.15"]
[Round "11"]
[White "Mihelic, Vesna"]
[Black "Cao, Joy"]
[Result "1-0"]
[WhiteElo "1741"]
[BlackElo "1411"]
[PlyCount "133"]
[EventDate "2018.11.04"]
[EventType "swiss"]
[EventRounds "11"]
[EventCountry "ESP"]
[SourceTitle "EXT 2022"]
[Source "ChessBase"]
[SourceDate "2021.10.06"]
[SourceVersion "1"]
[SourceVersionDate "2021.10.06"]
[SourceQuality "1"]

1. e4 c5 2. Nf3 d6 3. Bc4 Nf6 4. Qe2 Nc6 5. c3 e6 6. Bb3 Be7 7. 0-0 0-0 8. d4 d5 9. e5 Nd7 10. Bc2 cxd4 11. cxd4 Qb6 12. Bg5 Nxd4 13. Bxh7+ Kh8 14. Nxd4 Bxg5 15. Nf3 Bh6 16. Bd3 Nc5 17. Na3 Nxd3 18. Qxd3 Bd7 19. h4 Qb4 20. Rfd1 Rac8 21. Qe2 Rc5 22. Rd4 Qb6 23. g3 Rc1+ 24. Rd1 Rfc8 25. Raxc1 Bxc1 26. Ng5 Kg8 27. b3 Bxg5 28. hxg5 Qb4 29. Qb2 Qg4 30. Qd2 b5 31. Rc1 Rxc1+ 32. Qxc1 b4 33. Qc7 Be8 34. Qd8 Kf8 35. Nb5 Qd1+ 36. Kg2 Qc2 37. Nd6 Qc6 38. Nxe8 Qxe8 39. Qd6+ Qe7 40. Qb8+ Qe8 41. Qxb4+ Kg8 42. Qd4 Qb8 43. b4 Kf8 44. g6 fxg6 45. a4 Ke7 46. b5 Kd7 47. Qc5 Qc7 48. Qxc7+ Kxc7 49. a5 Kb7 50. Kf3 Kc7 51. Ke3 Kb7 52. Kd4 g5 53. Ke3 g6 54. Kf3 Kc7 55. Kg4 Kb7 56. Kxg5 Kc7 57. Kf4 Kb7 58. Ke3 Kc7 59. Kd4 Kb7 60. f4 Kc7 61. g4 Kd7 62. f5 exf5 63. gxf5 gxf5 64. Kxd5 Ke7 65. b6 axb6 66. axb6 Kd7 67. e6+ 1-0